[Event "Trophee Universitaire"]
[Site "La Roche-sur-Yon FRA"]
[Date "2006.03.24"]
[Round "9"]
[White "Rombaldoni,D"]
[Black "Maze,S"]
[Result "0-1"]
[WhiteElo "2292"]
[BlackElo "2518"]

1.d4 d5 2.c4 c6 3.Nf3 Nf6 4.Nc3 e6 5.e3 a6 6.Qc2 c5 7.cxd5 exd5 8.Be2 Nc6
9.O-O Be6 10.a3 c4 11.Rd1 Be7 12.e4 b5 13.Ne5 Qb6 14.Be3 Rd8 15.Bf3 Qb7 16.h3 h6
17.exd5 Nxd5 18.Qe4 Qc8 19.Bg4 Nxe5 20.dxe5 Nxe3 21.Rxd8+ Bxd8 22.Qxe3 Bxg4
23.hxg4 O-O 24.Qe4 Bb6 25.Nd5 Bc5 26.Re1 Re8 27.g3 Ba7 28.Kg2 Qc5 29.Re2 Bb8
30.f4 Ba7 31.Kh3 Qg1 32.Nc7 Rc8 33.Nxa6 c3 34.Rc2 Qf1+ 35.Qg2 Qd1 36.Rxc3 Rd8
37.Rc2 h5 38.Qe2 Qh1+ 39.Qh2 Qb7 40.Nb4 Rd1 41.Nc6 Qd7 42.Nxa7 hxg4+ 43.Kh4 Qf5
44.Nc6 Kf8 45.e6 g6 46.Rc5 Qxc5 47.Ne5 Qe7+ 48.Kxg4 Qxe6+ 49.Kf3 Qd5+ 50.Kg4 Kg7
51.Qc2 f5+  0-1

[Event "Sozina Open"]
[Site "Bar SCG"]
[Date "2006.03.25"]
[Round "8"]
[White "Drasko,M"]
[Black "Lajthajm,B"]
[Result "1-0"]
[WhiteElo "2507"]
[BlackElo "2464"]

1.d4 d5 2.c4 c6 3.e3 e6 4.Nc3 Nf6 5.Nf3 Nbd7 6.Qc2 Bd6 7.b3 O-O 8.Be2 b6
9.O-O Bb7 10.Bb2 Qe7 11.Rfd1 Rfd8 12.Rac1 Rac8 13.g3 c5 14.cxd5 Nxd5 15.Nxd5 Bxd5
16.e4 Bb7 17.d5 Bb8 18.Bc4 Nf8 19.Qc3 f6 20.dxe6 Nxe6 21.Ng5 fxg5 22.Bxe6+ Kh8
23.Bxc8 Rxc8 24.Qxg7+ Qxg7 25.Bxg7+ Kg8 26.Bf6 g4 27.Rd7 Bxe4 28.Rg7+ Kf8
29.Rxg4 Bd3 30.Rd4 Bf5 31.Rd8+ Rxd8 32.Bxd8 Be5 33.Re1 Bd4 34.Bc7 Bb2 35.Bb8 b5
36.Bd6+  1-0

[Event "VII Dos Hermanas Internet"]
[Site "ICC INT"]
[Date "2006.03.25"]
[Round "4.2"]
[White "Bu Xiangzhi"]
[Black "Doettling,F"]
[Result "1-0"]
[WhiteElo "2645"]
[BlackElo "2542"]

1.d4 d5 2.c4 e6 3.Nc3 c6 4.e3 Nf6 5.Nf3 Nbd7 6.b3 Bb4 7.Bd2 O-O 8.Bd3 Qe7
9.O-O e5 10.dxe5 Nxe5 11.Nxe5 Qxe5 12.Nxd5 Nxd5 13.cxd5 Bxd2 14.Qxd2 Qxd5
15.Rfd1 Be6 16.Qb4 Qg5 17.Qxb7 c5 18.Qe4 g6 19.Rac1 Rac8 20.Bc4 Bg4 21.h4 Qh5
22.Rd5 Bf5 23.Qf4 Qg4 24.Qxg4 Bxg4 25.Bb5 Rfd8 26.Rcxc5 Rxd5 27.Rxd5 Rc1+
28.Kh2 Rc2 29.Rd4 Be6 30.Ra4 Rxf2 31.Bc6 Rc2 32.Bb7 Rc7 33.Bf3 Kg7 34.Kg3 Kf6
35.Kf4 h6 36.Ra5 Rd7 37.g4 Rc7 38.g5+ hxg5+ 39.hxg5+ Ke7 40.e4 Kd8 41.b4 Kc8
42.a3 Kb7 43.Rb5+ Kc8 44.Rc5 Rxc5 45.bxc5 Kd7 46.e5 Kc7 47.Ke3 Bd7 48.Bd5 Be8
49.Kd4 Kd7 50.Kc4 Kc7 51.Kb4 Kb8 52.c6 Kc7 53.Kc5  1-0

[Event "VII Dos Hermanas Internet"]
[Site "ICC INT"]
[Date "2006.03.25"]
[Round "4.4"]
[White "Bu Xiangzhi"]
[Black "Doettling,F"]
[Result "0-1"]
[WhiteElo "2645"]
[BlackElo "2542"]

1.d4 d5 2.c4 e6 3.Nc3 c6 4.e3 Nf6 5.Nf3 a6 6.Qb3 Nbd7 7.cxd5 exd5 8.Bd3 Bd6
9.O-O O-O 10.h3 Re8 11.Qc2 Qe7 12.Rb1 Ne4 13.b4 f5 14.a3 Kh8 15.Ne2 g5 16.Bb2 Rg8
17.Rfe1 Rg6 18.Rbc1 Kg8 19.Qb3 Rh6 20.Qc2 Ndf6 21.Ne5 g4 22.Nf4 gxh3 23.gxh3 Nh5
24.Kf1 Nxf4 25.exf4 Rxh3 26.Re3 Rxe3 27.fxe3 Be6 28.Qh2 Qf6 29.Ke2 Kh8 30.Rh1 Bg8
31.Rg1 Bf7 32.Kd1 Rg8 33.Rh1 Rg7 34.Kc1 Bg8 35.Kb1 Bf7 36.Qh6 Qxh6 37.Rxh6 Bg6
38.Nxg6+ Rxg6 39.Rh5 Rf6 40.Bc1 Kg7 41.Kc2 Kg6 42.Rh3 h5 43.Be2 Kg7 44.Bxh5 Rh6
45.Bd2 Kh7 46.Be1 Nf6 47.a4 Rxh5 48.Rg3 Rh2+ 49.Kb3 Ne4 50.Rg1 Re2 51.b5 Rxe3+
52.Kc2 axb5 53.Rh1+ Kg6 54.Bd2 Re2 55.Kd3 Rxd2+  0-1

[Event "TCh-AUT 2005-6"]
[Site "Austria AUT"]
[Date "2006.03.26"]
[Round "11"]
[White "Kilgus,G"]
[Black "Baumegger,S"]
[Result "1-0"]
[WhiteElo "2339"]
[BlackElo "2413"]

1.Nf3 d5 2.c4 e6 3.d4 Nf6 4.Nc3 c6 5.e3 Nbd7 6.Bd3 dxc4 7.Bxc4 b5 8.Bd3 a6
9.e4 c5 10.e5 cxd4 11.Ne4 Nd5 12.a4 b4 13.Bg5 Qc7 14.Rc1 Qa7 15.O-O h6 16.Bh4 Nc5
17.Nxc5 Bxc5 18.Qc2 Be7 19.Qxc8+ Rxc8 20.Rxc8+ Kd7 21.Rxh8 Bxh4 22.Nxh4 Nf4
23.Rd1 Qc5 24.Bxa6 Qc2 25.Rxd4+ Ke7 26.Rhd8 Nd5 27.R8xd5 exd5 28.Rxb4 Qd2
29.Rb7+ Kd8 30.Nf3 Qd1+ 31.Bf1 g5 32.h3 Qxa4 33.Rxf7 d4 34.Rf6  1-0

[Event "TCh-AUT 2005-6"]
[Site "Austria AUT"]
[Date "2006.03.26"]
[Round "11"]
[White "Bischoff,K"]
[Black "Pavasovic,D"]
[Result "1/2-1/2"]
[WhiteElo "2560"]
[BlackElo "2535"]

1.d4 d5 2.c4 e6 3.Nc3 c6 4.e3 Nf6 5.Nf3 Nbd7 6.Qc2 Bd6 7.b3 O-O 8.Be2 b6
9.O-O Bb7 10.Bb2 Qe7 11.cxd5  1/2-1/2

[Event "TCh-BEL 2005-6"]
[Site "Belgium BEL"]
[Date "2006.03.26"]
[Round "11"]
[White "Israel,G"]
[Black "Minyeyevtsev,S"]
[Result "0-1"]
[WhiteElo "2120"]
[BlackElo "2159"]

1.d4 d5 2.c4 c6 3.Nf3 Nf6 4.Nc3 e6 5.e3 Nbd7 6.Bd3 dxc4 7.Bxc4 b5 8.Bd3 a6
9.e4 c5 10.e5 cxd4 11.Nxb5 Nxe5 12.Nxe5 axb5 13.Bxb5+ Bd7 14.Bxd7+ Nxd7 15.Nxd7 Bb4+
16.Bd2 Qa5 17.Bxb4 Qxb4+ 18.Qd2 Qxd2+ 19.Kxd2 Kxd7 20.Kd3 Rhb8 21.Rhb1 e5
22.b3 Kd6 23.Rc1 Rb7 24.Ke4 f5+ 25.Kd3 Kd5 26.Kc2 Rc8+ 27.Kd2 Rxc1 28.Rxc1 Ra7
29.a4 Rb7 30.Rb1 Kc5 31.Kc2 Kb4 32.Rc1 Rc7+ 33.Kb2 Rxc1 34.Kxc1 e4 35.h4 f4
36.Kd2 e3+ 37.fxe3 fxe3+ 38.Kd3 h5 39.Ke2 Kc3  0-1

[Event "TCh-CZE Extraliga 2005-6"]
[Site "Czech Rep CZE"]
[Date "2006.03.26"]
[Round "11"]
[White "Jirovsky,M"]
[Black "Kulhanek,T"]
[Result "1/2-1/2"]
[WhiteElo "2476"]
[BlackElo "2380"]

1.Nf3 d5 2.c4 e6 3.d4 Nf6 4.Nc3 c6 5.e3 Nbd7 6.Qc2 Be7 7.Bd3 dxc4 8.Bxc4 b5
9.Be2 Bb7 10.a3 a6 11.O-O O-O 12.Rd1 Qb8 13.Bd2  1/2-1/2

[Event "22nd Spring Festival Open"]
[Site "Budapest HUN"]
[Date "2006.03.27"]
[Round "5"]
[White "Yrjola,J"]
[Black "Duong The Anh"]
[Result "1-0"]
[WhiteElo "2396"]
[BlackElo "2287"]

1.d4 d5 2.c4 c6 3.Nc3 Nf6 4.e3 e6 5.Nf3 Nbd7 6.Bd3 dxc4 7.Bxc4 b5 8.Bd3 Bd6
9.O-O O-O 10.Qc2 Bb7 11.e4 e5 12.dxe5 Nxe5 13.Nxe5 Bxe5 14.h3 b4 15.Na4 Bd4
16.Re1 c5 17.Be3 Rc8 18.Bxd4 cxd4 19.Qd2 Qa5 20.b3 Rfe8 21.f3 Bc6 22.Nb2 Qc5
23.Rac1 Qd6 24.Rc4 Bd7 25.Rxb4 Bxh3 26.Bf1 Qg3 27.Rxd4 Be6 28.Nc4 Bxc4 29.Bxc4 h5
30.Qf2 Qe5 31.Red1 Qg5 32.Qd2 Qg3 33.Qf2 Qg5 34.R4d3 Re7 35.Qd2 Qg3 36.Rd8+ Rxd8
37.Qxd8+ Re8 38.Qd6 Qg5 39.Qd2 Qc5+ 40.Qd4 Qa5 41.b4 Qc7 42.Qc5 Qb8 43.Qd6 Qc8
44.Bb3 Qc3 45.Qc5 Qb2 46.Qxa7 Qe2 47.Bxf7+ Kh7 48.Qd4 Re7 49.Bc4 Qc2 50.e5  1-0

[Event "It"]
[Site "Frascati ITA"]
[Date "2006.03.27"]
[Round "3"]
[White "Berkes,F"]
[Black "Godena,M"]
[Result "1/2-1/2"]
[WhiteElo "2597"]
[BlackElo "2505"]

1.d4 d5 2.c4 c6 3.Nf3 Nf6 4.Nc3 e6 5.e3 Nbd7 6.Bd3 a6 7.b3 Bb4 8.Bd2 Bd6
9.O-O O-O 10.Qc2 h6 11.Ne2 Re8 12.Ng3 c5 13.cxd5 exd5 14.Bc3 b6 15.Rad1 Bb7
16.Qb2 Bxg3 17.hxg3 Ne4 18.dxc5 Nxc3 19.Qxc3 bxc5 20.Bf5 Qf6 21.Qxf6 Nxf6
22.Rc1 g6 23.Bh3 Ne4 24.Rfd1 Rad8 25.Nd2 Nxd2 26.Rxd2 d4 27.exd4 Rxd4 28.Rxd4 cxd4
29.Bg4  1/2-1/2

[Event "22nd Spring Festival Open"]
[Site "Budapest HUN"]
[Date "2006.03.29"]
[Round "7"]
[White "Yrjola,J"]
[Black "Nguyen Huynh Minh H"]
[Result "1-0"]
[WhiteElo "2396"]
[BlackElo "2217"]

1.d4 d5 2.c4 c6 3.Nc3 Nf6 4.e3 e6 5.Nf3 Nbd7 6.Bd3 dxc4 7.Bxc4 b5 8.Bd3 Bb7
9.e4 b4 10.Na4 c5 11.e5 Nd5 12.O-O h6 13.Bd2 Rc8 14.Qe2 Bc6 15.Nxc5 Nxc5
16.dxc5 Bxc5 17.Ba6 Rc7 18.Rfc1 Qe7 19.Qc4 Bd7 20.Qg4 g5 21.Rc4 Rc6 22.Rac1 h5
23.Qe4 g4 24.Bg5 Qf8 25.Nd4 Rxa6 26.Rxc5 Qg7 27.Bf6 Nxf6 28.Rc8+ Ke7 29.Nc6+ Bxc6
30.Qxb4+  1-0

[Event "Amber Rapid"]
[Site "Monte Carlo MNC"]
[Date "2006.03.30"]
[Round "11"]
[White "Gelfand,B"]
[Black "Nielsen,PH"]
[Result "1-0"]
[WhiteElo "2723"]
[BlackElo "2644"]

1.d4 d5 2.c4 c6 3.Nc3 Nf6 4.e3 e6 5.Nf3 Nbd7 6.Qc2 Bd6 7.b3 O-O 8.Be2 b6
9.O-O Bb7 10.Bb2 Qe7 11.Rad1 Rfd8 12.Rfe1 Bb4 13.Qc1 Rac8 14.a3 Bd6 15.Qa1 c5
16.cxd5 exd5 17.a4 a6 18.Bf1 Re8 19.g3 Rcd8 20.Bg2 Bc7 21.Nh4 Qe6 22.Ne2 g5
23.Nf3 Ne4 24.a5 c4 25.bxc4 dxc4 26.Nxg5 Nxg5 27.Bxb7 b5 28.Nf4 Qg4 29.Kg2 b4
30.Qa4 Bxf4 31.exf4 Nh3 32.Bc1 Re2 33.Rf1 Nc5 34.dxc5 Rxd1 35.Qxd1 Rxf2+
36.Kh1 Qe6 37.Qd8+ Kg7 38.Qd4+ Qf6  1-0

[Event "22nd Spring Festival Open"]
[Site "Budapest HUN"]
[Date "2006.03.31"]
[Round "9"]
[White "Hess,C1"]
[Black "Mitscherling,A"]
[Result "1/2-1/2"]
[WhiteElo "2320"]
[BlackElo "2247"]

1.Nf3 d5 2.c4 c6 3.e3 Nf6 4.Nc3 e6 5.d4 Nbd7 6.Qc2 Bd6 7.Be2 dxc4 8.Bxc4 O-O
9.O-O Qe7 10.h3 h6 11.Bb3 e5 12.Nh4 Rd8 13.Nf5 Qf8 14.Nxd6 Qxd6 15.dxe5 Nxe5
16.Rd1 Qe7  1/2-1/2

[Event "TCh-FRA Top 16 Gp A"]
[Site "Montpellier FRA"]
[Date "2006.03.31"]
[Round "5"]
[White "Guidarelli,L"]
[Black "Komarov,D"]
[Result "1/2-1/2"]
[WhiteElo "2462"]
[BlackElo "2516"]

1.d4 d5 2.c4 c6 3.Nc3 Nf6 4.Nf3 e6 5.e3 Nbd7 6.Bd3 dxc4 7.Bxc4 b5 8.Bd3 Bb7
9.a4 b4 10.Ne4 Nxe4 11.Bxe4 Be7 12.O-O O-O 13.Qe2 Nf6 14.Bd3 c5 15.e4 cxd4
16.Bg5 Nd7 17.Bxe7 Qxe7 18.Nxd4 Nc5 19.Bc2 Ba6 20.Nb5 Rfd8 21.Qc4 Nd7 22.Rfd1 Rac8  1/2-1/2

[Event "Bundesliga 2005-6"]
[Site "Bremen GER"]
[Date "2006.04.01"]
[Round "14"]
[White "Acs,P"]
[Black "Areshchenko,A"]
[Result "0-1"]
[WhiteElo "2518"]
[BlackElo "2670"]

1.d4 d5 2.Nf3 Nf6 3.c4 c6 4.Nc3 e6 5.e3 Bd6 6.Bd3 dxc4 7.Bxc4 b5 8.Bd3 Nbd7
9.O-O O-O 10.Bd2 Bb7 11.a3 Re8 12.Qc2 h6 13.Rfd1 Qe7 14.Ne2 Rac8 15.b4 e5
16.e4 exd4 17.Nexd4 g6 18.Bxh6 c5 19.Nxb5 Bb8 20.bxc5 Rxc5 21.Qd2 Ne5 22.Nbd4 Bxe4
23.Bxe4 Nxe4 24.Qb2 Qf6 25.Qb4 Ng4 26.Qa4 Rec8 27.Re1 Bxh2+ 28.Kf1 Nc3 29.Re8+ Kh7  0-1

[Event "Bundesliga 2005-6"]
[Site "Bremen GER"]
[Date "2006.04.01"]
[Round "14"]
[White "Ftacnik,L"]
[Black "Ribli,Z"]
[Result "1/2-1/2"]
[WhiteElo "2606"]
[BlackElo "2593"]

1.Nf3 Nf6 2.c4 c6 3.Nc3 d5 4.d4 e6 5.e3 Nbd7 6.Qc2 Bd6 7.b3 O-O 8.Be2 b6
9.O-O Bb7 10.e4 Nxe4 11.Nxe4 dxe4 12.Qxe4 Nf6 13.Qh4 c5 14.dxc5 Bxc5  1/2-1/2

[Event "TCh-FRA Top 16 Gp B"]
[Site "Gonfreville FRA"]
[Date "2006.04.02"]
[Round "7"]
[White "Ivanisevic,I"]
[Black "Collas,D"]
[Result "1-0"]
[WhiteElo "2588"]
[BlackElo "2443"]

1.d4 d5 2.c4 e6 3.Nc3 c6 4.e3 Nf6 5.Nf3 Nbd7 6.Qc2 Bd6 7.g4 Nxg4 8.Rg1 Nxh2
9.Nxh2 Bxh2 10.Rxg7 Nf8 11.f4 Qh4+ 12.Qf2 Qxf2+ 13.Kxf2 Ng6 14.Kg2 Kf8 15.Rxg6 hxg6
16.Be2 dxc4 17.Bd2 g5 18.Rh1 gxf4 19.exf4 b5 20.Rxh2 Rxh2+ 21.Kxh2 a5 22.Ne4 Bd7
23.Nc5 Ke7 24.Kg2 Ra7 25.Kf2 Be8 26.Ke3 f6 27.Bg4 Bf7 28.Bf3 Be8 29.Be1 Bd7
30.a4 bxa4 31.Nxa4 c5 32.Nxc5 a4 33.Bb4 Kd8 34.Kd2 Bc8 35.Bg4 e5 36.Bxc8 Kxc8
37.dxe5 fxe5 38.fxe5  1-0

[Event "TCh-FRA Top 16 Gp B"]
[Site "Gonfreville FRA"]
[Date "2006.04.02"]
[Round "7"]
[White "Miralles,G"]
[Black "Bujisho,B"]
[Result "1-0"]
[WhiteElo "2485"]
[BlackElo "2386"]

1.d4 Nf6 2.c4 c6 3.Nc3 d5 4.e3 e6 5.Nf3 Nbd7 6.Qc2 Bd6 7.g4 Nxg4 8.Rg1 h5
9.h3 Nh6 10.Bd2 g6 11.O-O-O Nf6 12.Ne5 Nf5 13.Kb1 Qc7 14.f4 O-O 15.Bd3 Kh7
16.Bc1 Rg8 17.Rg2 Rg7 18.Qf2 Bf8 19.Ng4 Be7 20.Bxf5 exf5 21.Nxf6+ Bxf6 22.cxd5 b5
23.Qc2 Bd8 24.dxc6 Qxc6 25.d5 Qb7 26.b3 Bd7 27.Bb2 Rg8 28.Ne2 Rc8 29.Qd2 Bb6
30.Ng1 Rge8 31.Re2 b4 32.Nf3 Bb5 33.Ree1 a5 34.e4 fxe4 35.Ng5+ Kg8 36.Nxe4 Rxe4
37.Rxe4 Bd7 38.Ka1 Bf5 39.Re5 Qd7 40.Rde1 Bc5 41.d6 Qxd6 42.Re8+ Kh7 43.Qxd6 Bxd6
44.Rxc8 Bxc8 45.Re8 g5 46.Rxc8 Bxf4 47.Kb1 Kg6 48.Kc2 g4 49.hxg4 hxg4 50.Kd3  1-0

[Event "TCh-FRA Top 16 Gp A"]
[Site "Montpellier FRA"]
[Date "2006.04.02"]
[Round "7"]
[White "Duquesnoy,JP"]
[Black "Lautier,J"]
[Result "0-1"]
[WhiteElo "2242"]
[BlackElo "2682"]

1.d4 d5 2.c4 e6 3.Nf3 c6 4.e3 Nf6 5.Nc3 a6 6.Qc2 c5 7.cxd5 exd5 8.Be2 Nc6
9.O-O Be6 10.Rd1 Nb4 11.Qb1 Qc8 12.Bd2 Bf5 13.Qc1 c4 14.Ne5 Bd6 15.f3 Nc6
16.Be1 O-O 17.g4 Be6 18.g5 Nd7 19.Nxc4 Be7 20.f4 Nxd4 21.exd4 dxc4 22.Bf3 Nb6
23.d5 Bg4 24.Bxg4 Qxg4+ 25.Bg3 Bc5+ 26.Kg2 Rfe8 27.Qc2 Re3 28.Re1 Qf3+ 29.Kh3 Rae8
30.Rxe3 Rxe3 31.Qf5 Rd3 32.Re1 Qh5+  0-1

[Event "TCh-FRA Top 16 Gp A"]
[Site "Montpellier FRA"]
[Date "2006.04.02"]
[Round "7"]
[White "Flear,G"]
[Black "Cramling,P"]
[Result "1/2-1/2"]
[WhiteElo "2470"]
[BlackElo "2515"]

1.d4 d5 2.c4 c6 3.Nc3 Nf6 4.e3 e6 5.Nf3 a6 6.c5 Nbd7 7.b4 g6 8.Bb2 Bg7 9.Qc2 O-O
10.h3 Qe7 11.Bd3 Ne8 12.Ne2 Nc7 13.O-O f6 14.e4 e5 15.Ng3 dxe4 16.Nxe4 f5
17.Bc4+ Nd5 18.Nc3 e4 19.Nxd5 cxd5 20.Bxd5+ Kh8 21.Ne5 Nxe5 22.dxe5 Bxe5
23.Rac1 Qg7 24.Bxe5 Qxe5 25.Rfd1 Rb8 26.Qc3 Qxc3 27.Rxc3 Rd8 28.Rc4 Kg7 29.Rcd4 Kf6
30.Bb3 Rxd4 31.Rxd4 Ke7 32.Rd6 Bd7 33.Bd5 Bc6 34.Bxc6 bxc6 35.a3 a5 36.bxa5 Rb5
37.Rxc6 Rxa5 38.Rc7+ Ke6 39.c6 Rxa3 40.Rxh7 Rc3 41.c7 Rc1+ 42.Kh2 f4 43.h4 e3
44.fxe3 fxe3 45.Rh8 Rxc7 46.Re8+ Kf5 47.Rxe3 g5 48.hxg5  1/2-1/2

[Event "TCh-FRA Top 16 Gp A"]
[Site "Montpellier FRA"]
[Date "2006.04.02"]
[Round "7"]
[White "Kogan,Ar"]
[Black "Conquest,S"]
[Result "1/2-1/2"]
[WhiteElo "2560"]
[BlackElo "2522"]

1.d4 Nf6 2.c4 c6 3.Nc3 d5 4.e3 e6 5.Nf3 Nbd7 6.Qc2 h6 7.Be2 Bd6 8.O-O O-O
9.b3 Re8 10.Rd1 Qe7 11.Bb2 dxc4 12.bxc4 e5 13.Nh4 Nf8 14.Nf5 Bxf5 15.Qxf5 exd4
16.exd4 Ba3 17.Rab1 Bxb2 18.Rxb2 Rad8 19.g3 Ne6 20.d5 cxd5 21.cxd5 Nc5 22.Bf3 a6
23.Qf4 Qd6 24.Qb4 Re7 25.a4 Nfd7 26.Bg2 Rde8 27.Rbb1 Rb8 28.h3 Ree8 29.Rd2 Red8
30.Ne2 Nf6 31.a5 Re8 32.Nc3 Red8 33.Qd4 Ncd7 34.Na4 Rdc8 35.Rdb2 Rc7 36.Nb6 Ne5
37.f4 Nc6 38.Nc4 Nxd4 39.Nxd6 Rd7 40.Nc4 Nxd5 41.Ne5 Rdd8 42.Rxb7 Rxb7 43.Rxb7 Ne3
44.Nxf7 Rf8 45.Nd6 g5 46.Rb4 gxf4 47.Rxd4 f3 48.Bxf3 Rxf3 49.Ne4 Rf1+ 50.Kh2 Ra1
51.Rd8+ Kg7 52.Rd7+ Kg6 53.g4 Rxa5 54.Rd6+ Kg7  1/2-1/2

[Event "TCh-FRA Top 16 Gp A"]
[Site "Montpellier FRA"]
[Date "2006.04.02"]
[Round "7"]
[White "Salaun,Y"]
[Black "David,Alb"]
[Result "1/2-1/2"]
[WhiteElo "2335"]
[BlackElo "2591"]

1.d4 d5 2.c4 c6 3.e3 Nf6 4.Nc3 e6 5.Nf3 a6 6.c5 Nbd7 7.b4 g6 8.Bb2 Bg7 9.Be2 Qc7
10.Qc2 O-O 11.Rd1 Re8 12.O-O e5 13.dxe5 Nxe5 14.Nxe5 Rxe5 15.Na4 Re7 16.Nb6 Rb8
17.Nxc8 Rxc8 18.a4 Ne4 19.Bxg7 Kxg7 20.Rd4 Qe5 21.Bd3 Ng5 22.Be2 Ne6 23.Rd2 Qf6
24.Bg4 Rce8 25.Bxe6 Rxe6 26.Rb1 Re4 27.Qb2 Qxb2 28.Rbxb2 d4 29.Rb3 dxe3 30.fxe3 Kf6
31.Kf2 Rc4 32.Kf3 Re7 33.Rd4 Rc2 34.a5 Re5 35.Rbd3 Rf5+ 36.Rf4 Rxf4+ 37.Kxf4 Rf2+
38.Kg3 Rb2 39.Rd4 Ke6 40.Kf3 f5 41.h3 Ke5 42.h4 h6 43.g3 g5 44.hxg5 hxg5
45.g4 Rb3 46.gxf5 Kxf5 47.Re4 Rb1 48.Rd4 g4+ 49.Kg3 Rb3 50.Rf4+ Ke5 51.Kf2 Rb2+
52.Kg3 Rb3 53.Kxg4 Rxe3 54.Rf5+ Ke6 55.Kf4 Re1 56.Rh5 Rf1+ 57.Ke3 Rb1 58.Rh4 Rb3+
59.Kd2 Kd7  1/2-1/2

[Event "43rd ch-IND"]
[Site "Visakhapatnam IND"]
[Date "2006.04.04"]
[Round "2"]
[White "Sriram,J"]
[Black "Deepan,C"]
[Result "0-1"]
[WhiteElo "2444"]
[BlackElo "2428"]

1.d4 Nf6 2.c4 e6 3.Nf3 d5 4.Nc3 c6 5.e3 a6 6.b3 c5 7.Be2 cxd4 8.exd4 Bb4
9.Bd2 O-O 10.a3 Be7 11.c5 Ne4 12.O-O Nc6 13.Rc1 g5 14.Be1 f5 15.Ne5 Nxe5
16.Nxe4 dxe4 17.dxe5 Qxd1 18.Bxd1 Bd7 19.Ba5 Bb5 20.Re1 Bd8 21.Bd2 Rf7 22.b4 Rd7
23.Bc3 Be7 24.Bb3 Kf7 25.Rcd1 Rxd1 26.Rxd1 Rd8 27.Rxd8 Bxd8 28.Bd4 Be2 29.h3 h5
30.Be3 Bc7 31.Bxg5 Bxe5 32.Bc1 h4 33.Ba4 Bb5 34.Bd1 Kf6 35.Bb3 Bd4 36.Bd1 e5
37.Bc2 Bc4 38.Ba4 f4 39.Bd2 e3 40.fxe3 Bxe3+ 41.Bxe3 fxe3 42.Bc2 Kg5 43.Be4 Kf4
44.Bxb7 Kg3 45.Bf3 e4 46.Bg4 e2 47.Bxe2 Bxe2 48.a4 e3  0-1

[Event "7th ch-Euro w"]
[Site "Kusadasi TUR"]
[Date "2006.04.05"]
[Round "2"]
[White "Topel,Z"]
[Black "Petrenko,S"]
[Result "1-0"]
[WhiteElo "2103"]
[BlackElo "2346"]

1.d4 d5 2.Nf3 c6 3.c4 e6 4.e3 Nf6 5.Nc3 Be7 6.Qc2 b6 7.cxd5 exd5 8.Be2 O-O
9.O-O Bb7 10.Rd1 Nbd7 11.b3 Bd6 12.Bb2 Re8 13.Bd3 Qe7 14.Bf5 g6 15.Bh3 Rad8
16.Re1 Ne4 17.Bxd7 Qxd7 18.Rad1 f5 19.Ne5 Qe6 20.f3 Nxc3 21.Qxc3 Bxe5 22.dxe5 c5
23.b4 Rc8 24.b5 g5 25.Re2 a6 26.a4 axb5 27.axb5 Ra8 28.Red2 Ra4 29.Ra1 Rb4
30.Ra7 Re7 31.Qd3 c4 32.Qd4 Rxb5 33.e4 f4 34.Rxb7 Rxb7 35.exd5 Qc8 36.e6 Rxb2
37.Rxb2 b5 38.Qe5 Qc5+ 39.Kf1 h6 40.Ra2 Kh7 41.Qe4+ Kg7 42.d6 Ra7 43.Rxa7+ Qxa7
44.Qe5+  1-0

[Event "7th ch-Euro"]
[Site "Kusadasi TUR"]
[Date "2006.04.05"]
[Round "2"]
[White "Kovacevic,B"]
[Black "Almond,R"]
[Result "0-1"]
[WhiteElo "2463"]
[BlackElo "2073"]

1.c4 c6 2.d4 d5 3.e3 Nf6 4.Nc3 e6 5.Nf3 Bd6 6.Bd3 dxc4 7.Bxc4 b5 8.Be2 Nbd7
9.O-O O-O 10.b3 Bb7 11.Bb2 a6 12.Qc2 Rc8 13.Ne4 Nxe4 14.Qxe4 Qe7 15.Rad1 f5
16.Qb1 c5 17.a4 c4 18.bxc4 bxc4 19.Bc3 Bd5 20.Nd2 Bxh2+ 21.Kxh2 Qh4+ 22.Kg1 Bxg2
23.f3 Qg3 24.Ne4 fxe4 25.Be1 Qg5 26.f4 Qg6 27.Rf2 Bf3+ 28.Kf1 Qh5 29.Bxf3 exf3
30.Kg1 Rf6 31.Rh2 Rg6+ 32.Kh1 f2  0-1

[Event "Liguilla Absoluta"]
[Site "Lima PER"]
[Date "2006.04.05"]
[Round "8"]
[White "Ramos,Er"]
[Black "Cruz,Jon"]
[Result "1-0"]
[WhiteElo "2274"]
[BlackElo "2187"]

1.d4 Nf6 2.c4 e6 3.Nc3 d5 4.Nf3 c6 5.e3 Nbd7 6.Bd3 a6 7.b3 b5 8.O-O Bb7 9.c5 g6
10.e4 dxe4 11.Nxe4 Nxe4 12.Bxe4 Bg7 13.Bf4 O-O 14.Bd6 Re8 15.Ne5 Rc8 16.Qf3 Nxe5
17.dxe5 Qg5 18.Qc3 Qf4 19.Rfe1 Red8 20.g3 Qg5 21.h4 Qh6 22.a4 g5 23.hxg5 Qxg5
24.f4 Qh6 25.Be7 Rd7 26.Bg5 Qh3 27.Ra2 b4 28.Qe3 Qg4 29.Rh2 Rd4 30.Bxh7+  1-0

[Event "ch-CUB KO"]
[Site "Santa Clara CUB"]
[Date "2006.04.05"]
[Round "1.2"]
[White "Arencibia,W"]
[Black "Bruzon,L"]
[Result "0-1"]
[WhiteElo "2535"]
[BlackElo "2652"]

1.d4 d5 2.c4 c6 3.Nc3 Nf6 4.Nf3 e6 5.e3 Nbd7 6.Qc2 Bd6 7.g4 h6 8.Rg1 Qe7
9.h4 Bb4 10.Bd2 b6 11.O-O-O Bb7 12.Kb1 O-O-O 13.Qa4 Bxc3 14.Bxc3 Kb8 15.c5 Ne4
16.Bb4 Nxf2 17.Rc1 Qf6 18.Be2 Qg6+ 19.Ka1 Nd3 20.cxb6 Nxb6 21.Qa3 Nxc1 22.Rxc1 f6
23.Bd6+ Rxd6 24.Qxd6+ Ka8 25.a4 Qe4 26.Qa3 Nc4 27.Bxc4 Qxf3 28.Bf1 e5 29.a5 a6
30.Qc3 exd4 31.exd4 Qxc3 32.bxc3 Re8 33.Bd3 Re3 34.Bf5 Kb8 35.Kb2 Bc8 36.Kb3 Kc7
37.Kb4 Re2 38.Rb1 Re3 39.Rg1 Bd7 40.Bg6 Kd6 41.Rg2 Rh3 42.g5 Rxh4 43.gxf6 gxf6
44.Bd3 c5+ 45.Ka3 cxd4 46.Rf2 f5 47.Bxa6 dxc3 48.Kb3 Ra4 49.Bc8 Rc4 50.Bxd7 c2  0-1

[Event "7th ch-Euro"]
[Site "Kusadasi TUR"]
[Date "2006.04.06"]
[Round "3"]
[White "Moiseenko,A1"]
[Black "Iskusnyh,S"]
[Result "1-0"]
[WhiteElo "2657"]
[BlackElo "2510"]

1.d4 d5 2.c4 c6 3.Nc3 Nf6 4.Nf3 e6 5.e3 a6 6.Ne5 Nbd7 7.f4 Bb4 8.Bd3 dxc4
9.Bxc4 c5 10.O-O cxd4 11.exd4 Nb6 12.Bb3 O-O 13.Kh1 Bd7 14.f5 Be7 15.Qf3 Nbd5
16.Bg5 Bc6 17.fxe6 fxe6 18.Qh3 Qd6 19.Nc4 Qc7 20.Qxe6+ Kh8 21.Ne5 Bd6 22.Nxd5  1-0

[Event "7th ch-Euro"]
[Site "Kusadasi TUR"]
[Date "2006.04.06"]
[Round "3"]
[White "Esen,B"]
[Black "Kuzubov,Y"]
[Result "1/2-1/2"]
[WhiteElo "2419"]
[BlackElo "2544"]

1.d4 d5 2.c4 c6 3.Nf3 Nf6 4.e3 e6 5.Nc3 Bd6 6.Bd3 O-O 7.e4 dxe4 8.Nxe4 Nxe4
9.Bxe4 Bb4+ 10.Bd2 Qa5 11.a3 Bxd2+ 12.Qxd2 Qxd2+ 13.Kxd2 Rd8 14.Kc3 Nd7 15.Ne5 Kf8
16.f4 Ke7 17.b4 a5 18.Rhb1 h6 19.h4 Nb6 20.Bc2 axb4+ 21.axb4 Bd7 22.Ra5 Be8
23.Nd3 Rab8 24.g4 Nc8 25.Re1 Kf8 26.g5 Ne7 27.gxh6 gxh6 28.Ne5 b5 29.Be4 bxc4
30.Kxc4 Rb7 31.Rd1 Rdb8 32.Nd3 Nc8 33.Bf3 Nd6+ 34.Kc3 Nb5+ 35.Kc4 Nd6+ 36.Kc3 f6
37.Nc5 Rxb4 38.Nxe6+ Ke7 39.Nc5 Rc4+ 40.Kd3 Bg6+ 41.Ke2 Nb5 42.Kf2 Nxd4 43.Ra7+ Kd6
44.Nb7+ Rxb7 45.Rxb7 Kc5  1/2-1/2

[Event "7th ch-Euro"]
[Site "Kusadasi TUR"]
[Date "2006.04.07"]
[Round "4"]
[White "Postny,E"]
[Black "Georgiev,Ki"]
[Result "0-1"]
[WhiteElo "2578"]
[BlackElo "2645"]

1.d4 d5 2.c4 c6 3.Nc3 Nf6 4.e3 e6 5.Nf3 a6 6.b3 Bb4 7.Bd2 Nbd7 8.Bd3 O-O
9.O-O Qe7 10.Qe1 a5 11.Rd1 Re8 12.h3 dxc4 13.Bxc4 e5 14.dxe5 Nxe5 15.Nxe5 Qxe5
16.Ne2 Ne4 17.Bxb4 axb4 18.Qxb4 Rxa2 19.Bd3 Nc5 20.Nf4 g6 21.Bb1 Ra1 22.Bc2 Ra2
23.Nd3 Na6 24.Qb6 Qg5 25.Bb1 Ra5 26.Nf4 Rb5 27.Qd4 Rxb3 28.Ba2 Rb4 29.Qc3 Rbe4
30.Rd6 Qe5 31.Qd2 Kg7 32.Rd1 Nc7 33.Bb1 Ra4 34.Rd8 Ra1 35.Rxe8 Nxe8 36.Nd3 Qf6
37.Nc5 Nd6 38.Nb3 Nc4 39.Qb4 Qb2 40.Qxc4 Rxb1 41.Rxb1 Qxb1+ 42.Kh2 Qb2 43.Qf4 Qf6
44.Qc7 Bxh3 45.Nd4 Be6 46.Nxe6+ Qxe6 47.Qxb7 Qe5+ 48.Kg1 c5 49.Qc6 h5 50.Kf1 Qa1+
51.Ke2 Qb2+ 52.Kf1 Qc1+ 53.Ke2 Qc2+ 54.Ke1 c4 55.Qd5 Qb1+ 56.Ke2 Qc2+ 57.Ke1 c3
58.Qe5+ Kh7 59.Qd5 Qb1+ 60.Ke2 Qb2+ 61.Ke1 Kh6 62.Qd4 Qb1+ 63.Ke2 Qb5+ 64.Ke1 c2
65.Qh8+ Kg5 66.Qd8+ f6 67.f4+ Kg4 68.Qc8+ Qf5 69.Qc6 Kg3 70.Kd2 Qg4 71.Qxc2 Kxg2
72.Qc6+ Kf2 73.Qxf6 Qe2+ 74.Kc3 Qxe3+ 75.Kb2 Qd2+ 76.Kb3 Qd3+ 77.Kb2 Kf3
78.Ka1 Qa3+ 79.Kb1 Qb4+ 80.Ka1 Qa4+ 81.Kb2 Qb5+ 82.Ka1 Qa5+ 83.Kb2 Qf5 84.Qd6 h4  0-1

[Event "7th ch-Euro w"]
[Site "Kusadasi TUR"]
[Date "2006.04.07"]
[Round "4"]
[White "Tsiganova,M"]
[Black "Mira,H"]
[Result "1/2-1/2"]
[WhiteElo "2282"]
[BlackElo "2140"]

1.d4 d5 2.c4 c6 3.Nf3 Nf6 4.Nc3 e6 5.e3 Nbd7 6.Qc2 Be7 7.Be2 dxc4 8.Bxc4 b5
9.Be2 a6 10.O-O c5 11.dxc5 Nxc5 12.b4 Ncd7 13.a3 Bb7 14.Bb2 Rc8 15.Rfd1 O-O
16.Qb3 Qb6 17.Nd4 Ne5 18.a4 bxa4 19.Nxa4 Qxb4 20.Qxb4 Bxb4 21.Nxe6 fxe6 22.Bxe5 a5
23.Nb6 Rc2 24.Bd3 Rd2 25.Rxd2 Bxd2 26.Nc4 Ng4 27.Bg3 Bc3  1/2-1/2

[Event "7th ch-Euro"]
[Site "Kusadasi TUR"]
[Date "2006.04.07"]
[Round "4"]
[White "Malakhatko,V"]
[Black "Atalik,S"]
[Result "1/2-1/2"]
[WhiteElo "2556"]
[BlackElo "2618"]

1.d4 d5 2.c4 c6 3.Nc3 Nf6 4.e3 e6 5.Nf3 a6 6.Qc2 c5 7.dxc5 Bxc5 8.a3 dxc4
9.Bxc4 b5 10.Bd3 Nbd7 11.b4 Be7 12.Bb2 Bb7 13.O-O O-O 14.Rfd1 Qb8 15.Bxh7+ Nxh7
16.Rxd7 Bf6 17.Rd3 Bxf3 18.gxf3 Qe5 19.f4 Qh5 20.Rad1 Rac8 21.R1d2 Qg4+ 22.Kh1 Qf3+
23.Kg1 Qg4+ 24.Kh1 Qf3+ 25.Kg1 Qg4+  1/2-1/2